Prime contracting on the MOD estate: a CPD study pack (Record no. 85426)
[ view plain ]
| 000 -LEADER | |
|---|---|
| fixed length control field | 01798cam a2200313 4500 |
| 001 - CONTROL NUMBER | |
| control field | J122558 |
| 008 - FIXED-LENGTH DATA ELEMENTS--GENERAL INFORMATION | |
| fixed length control field | 030609n2002 000 0 eng u |
| 020 ## - INTERNATIONAL STANDARD BOOK NUMBER | |
| International Standard Book Number | 1904388019 |
| 035 ## - SYSTEM CONTROL NUMBER | |
| System control number | (Sirsi) u122558 |
| 110 ## - MAIN ENTRY--CORPORATE NAME | |
| Corporate name or jurisdiction name as entry element | Defence Estates |
| 9 (RLIN) | 3814 |
| 245 ## - TITLE STATEMENT | |
| Title | Prime contracting on the MOD estate: a CPD study pack |
| 260 ## - PUBLICATION, DISTRIBUTION, ETC. | |
| Place of publication, distribution, etc. | Reading |
| Name of publisher, distributor, etc. | College of estate Management |
| Date of publication, distribution, etc. | 2002 |
| 300 ## - PHYSICAL DESCRIPTION | |
| Extent | 36p. ; 30cm. + 1 Owlion audio cd |
| 350 ## - PRICE (NR) (BK AM CF MU VM SE) [OBSOLETE] | |
| Price | 41 |
| 490 ## - SERIES STATEMENT | |
| Series statement | College of Estate Management CPD Study Pack |
| 520 ## - SUMMARY, ETC. | |
| Summary, etc. | This is a Ministry of Defence variation of 'Design & Build', whereby the 'Prime Contractor' is not only responsible for the design and production of the facility but also the maintenance and service over the facility's full lifetime. Prime Contracting is designed to take advantage of collaborative working and supply chain management through incentivised pricing arrangements. The Prime Contractor may be a design organisation, facilities manager, financier or more likely a major 'Design & Build' contractor. However, by their very nature prime contracts tend to be large projects requiring substantial resources and project management skills, but although each project has only one Prime Contractor, it is likely that there will be many 'works package' contractors engaged under 'framework' agreements. [CEM] |
| 520 ## - SUMMARY, ETC. | |
| Summary, etc. | Accompanied by Owlion cd "Prime contracting" which is catalogued separately at J114936 |
| 650 ## - SUBJECT ADDED ENTRY--TOPICAL TERM | |
| Topical term or geographic name entry element | DESIGN AND BUILD |
| 650 ## - SUBJECT ADDED ENTRY--TOPICAL TERM | |
| Topical term or geographic name entry element | FRAMEWORK AGREEMENTS |
| 650 ## - SUBJECT ADDED ENTRY--TOPICAL TERM | |
| Topical term or geographic name entry element | GOVERNMENT PROCUREMENT |
| 650 ## - SUBJECT ADDED ENTRY--TOPICAL TERM | |
| Topical term or geographic name entry element | MINISTRY OF DEFENCE |
| 650 ## - SUBJECT ADDED ENTRY--TOPICAL TERM | |
| Topical term or geographic name entry element | PRIME CONTRACTING |
| 650 ## - SUBJECT ADDED ENTRY--TOPICAL TERM | |
| Topical term or geographic name entry element | Procurement-old |
| 650 ## - SUBJECT ADDED ENTRY--TOPICAL TERM | |
| Topical term or geographic name entry element | PUBLIC PROCUREMENT |
| 650 ## - SUBJECT ADDED ENTRY--TOPICAL TERM | |
| Topical term or geographic name entry element | SUPPLY CHAIN |
| 690 ## - LOCAL SUBJECT ADDED ENTRY--TOPICAL TERM (OCLC, RLIN) | |
| Topical term or geographic name as entry element | Project management |
| 9 (RLIN) | 6261 |
| 710 ## - ADDED ENTRY--CORPORATE NAME | |
| Corporate name or jurisdiction name as entry element | College of Estate Management |
| 9 (RLIN) | 400 |
| 942 ## - ADDED ENTRY ELEMENTS (KOHA) | |
| Suppress in OPAC | 0 |
| Withdrawn status | Lost status | Source of classification or shelving scheme | Damaged status | Not for loan | Home library | Current library | Shelving location | Date acquired | Cost, normal purchase price | Total Checkouts | Full call number | Barcode | Date last seen | Date last checked out | Copy number | Cost, replacement price | Price effective from | Koha item type |
|---|---|---|---|---|---|---|---|---|---|---|---|---|---|---|---|---|---|---|
| Dewey Decimal Classification | London | London | Enquiry desk | 30/07/2004 | 35.70 | 10 | BASEMENT 6 | 30069444 | 06/08/2019 | 22/08/2008 | 1 | 35.70 | 06/08/2019 | Audio |